| 000 | 01417cad a22002655a 4500 | ||
|---|---|---|---|
| 001 | E153804 | ||
| 008 | 110906s2011 xxk f s s000 0 eng d | ||
| 020 | _a9781780453774 | ||
| 035 | _a(Sirsi) u153804 | ||
| 041 | 0 | _aeng | |
| 050 | 0 | 4 | _a333.72 $2 18 |
| 110 | 2 |
_aNational Statistics _95785 |
|
| 245 | 0 | 0 |
_aKey Scottish environment statistics 2011 _h[electronic resource] |
| 250 | _a11th ed. | ||
| 260 |
_aEdinburgh _bScottish Government _c2011 |
||
| 505 | 2 | _aBackground -- Public attitudes -- Global atmosphere -- Air quality -- Water -- Marine -- Radioactivity -- Waste -- Land -- Conservation -- Biodiversity | |
| 520 | _aSets out key data on various aspects of the environment in Scotland. Focuses where possible on trends over time, and provides background information on environmental impacts and relevant legislation. The publication is accompanied by a continuously updated internet database which also provides additional statistical information. The database can be accessed from the link below. | ||
| 521 | _aAdvanced | ||
| 590 | _aKA | ||
| 651 | 4 |
_aScotland _y1999- |
|
| 690 |
_aEnvironment _96238 |
||
| 856 | 4 | 0 |
_uhttps://www.scotland.gov.uk/Publications/2011/09/05154117/0 _zView the report free of charge at www.scotland.gov.uk |
| 856 | 4 | 0 |
_uhttps://www.scotland.gov.uk/Topics/Statistics/Browse/Environment/seso _zView the internet database free of charge at www.scotland.gov.uk |
| 942 | _n0 | ||
| 999 |
_c112708 _d112708 |
||